000 02283nam0a2200409 4500
001 RU\NLR\BIBL_A\012437021
005 20210211150016.0
010 _a978-5-7629-2467-2
_9500
021 _aRU
_bКН-П-20-056035
_9КН-П-20-4177
035 _a(NLR Aleph) 012437021
035 _a(RuMoRGB)010428540
090 _a11906128
_c11906128
100 _a20210121d2018 k y0rusy50 ca
101 0 _arus
102 _aRU
105 _aa|||zzzz000zy
181 0 _ai
_baxxe
182 0 _an
200 1 _aЭлектровакуумная техника, приборы и устройства
_f[А. Ю. Грязнов, Д. К. Кострин, А. А. Лисенков и др.]
_gпод общей редакцией профессора А. А. Лисенкова
_gМинобрнауки России, Санкт-Петербургский государственный электротехнический университет "ЛЭТИ" им. В. И. Ульянова (Ленина)
203 _aТекст
_bвизуальный
_cнепосредственный
210 _aСанкт-Петербург
_cИзд-во СПбГЭТУ "ЛЭТИ"
_d2018
215 _a259, [1] с.
_cил., табл.
_d21
300 _aАвт. указаны на обороте тит. л.
320 _aБиблиогр.: с. 254-257 (90 назв.)
606 1 _aЭлектровакуумные приборы
_91588041
_3RU\NLR\AUTH\66697635
686 1 _aЗ851
701 1 _aГрязнов
_bА. Ю.
_gАртем Юрьевич
701 1 _aКострин
_bД. К.
_cканд. техн. наук
_gДмитрий Константинович
_9199407
_3RU\NLR\AUTH\770199458
701 1 _aЛисенков
_bА. А.
_f1956-2018
_gАлександр Аркадьевич
702 1 _aЛисенков
_bА. А.
_f1956-2018
_gАлександр Аркадьевич
_4340
712 0 2 _4475
_aСанкт-Петербургский государственный электротехнический университет им. В. И. Ульянова (Ленина)
_9687544
_3RU\NLR\AUTH\880513481
942 _cBOOK
980 _aNBR
980 _aNB